Sobre el hombre
Gespeichert in:
| 1. Verfasser: | |
|---|---|
| Format: | Buch |
| Sprache: | Spanisch |
| Veröffentlicht: |
Madrid
Alianza
1986
|
| Ausgabe: | 1a. ed |
| Schlagworte: | |
| Tags: |
Tag hinzufügen
Keine Tags, Fügen Sie den ersten Tag hinzu!
|
MARC
| LEADER | 00000cam a2200000 a 4500 | ||
|---|---|---|---|
| 001 | UCW3687 | ||
| 003 | CL-VaPUC | ||
| 008 | 881215e19860000SP |||||||||||||||||spa|d | ||
| 020 | |a 842069035X | ||
| 082 | 0 | 4 | |a 128 |b ZUB |2 21 |
| 100 | 0 | |a Zubiri, Xavier |e author |9 216 | |
| 245 | 1 | 0 | |a Sobre el hombre |
| 250 | |a 1a. ed | ||
| 300 | |a 709 p | ||
| 942 | |c BK | ||
| 945 | |d 19881215 00:00:00 |a cmena | ||
| 260 | |a Madrid |b Alianza |c 1986 | ||
| 650 | 7 | |a HOMBRE |2 CL-VaPUC |9 262149 | |
| 650 | 0 | |a Antropología filosófica |9 265842 | |
| 583 | |a last modification |c 20150415 11:07:25 |k Rodrigo Vera | ||
| 999 | |c 217601 |d 217599 | ||
| 952 | |0 0 |1 0 |4 0 |6 128_000000000000000_ZUB_1986 |7 0 |8 A |9 205527 |a BIBEDU |b BIBEDU |d 2019-11-15 |i 2734877 |o 128 ZUB 1986 |p 2734877 |r 2019-11-15 |w 2019-11-15 |y BK |k FIL | ||
| 952 | |0 0 |1 0 |4 0 |6 128_000000000000000_ZUB_1986 |7 0 |8 A |9 205528 |a BIBTEO |b BIBTEO |d 2019-11-15 |i 2734885 |o 128 ZUB 1986 |p 2734885 |r 2025-01-17 |w 2019-11-15 |y BK |k ICR | ||
| 952 | |0 0 |1 2 |4 0 |6 128_000000000000000_ZUB_1986 |7 0 |8 A |9 205529 |a BIBTEO |b BIBTEO |d 2019-11-15 |i 4789113 |o 128 ZUB 1986 |p 4789113 |r 2019-11-15 |w 2019-11-15 |y BK |k ICR | ||
| 952 | |0 0 |1 0 |3 erb |4 0 |6 128_000000000000000_ZUB_1986 |7 0 |8 A |9 205530 |a BIBEDU |b BIBEDU |e Villagrán Garnham, Jorge |i 5171113 |l 4 |m 2 |o 128 ZUB 1986 |p 5171113 |q 2024-08-02 |r 2024-07-03 |s 2024-07-03 |w 2019-11-15 |y BK |z Catalogado en:20150416 |k FIL | ||